<?xml version="1.0" encoding="UTF-8"?><?xml-stylesheet type="text/xsl" href="static/style.xsl"?><OAI-PMH xmlns="http://www.openarchives.org/OAI/2.0/" xmlns:xsi="http://www.w3.org/2001/XMLSchema-instance" xsi:schemaLocation="http://www.openarchives.org/OAI/2.0/ http://www.openarchives.org/OAI/2.0/OAI-PMH.xsd"><responseDate>2026-04-17T12:48:53Z</responseDate><request verb="GetRecord" identifier="oai:www.recercat.cat:10256/24810" metadataPrefix="marc">https://recercat.cat/oai/request</request><GetRecord><record><header><identifier>oai:recercat.cat:10256/24810</identifier><datestamp>2024-06-18T11:08:33Z</datestamp><setSpec>com_2072_452955</setSpec><setSpec>com_2072_2054</setSpec><setSpec>col_2072_452959</setSpec><setSpec>col_2072_453080</setSpec></header><metadata><record xmlns="http://www.loc.gov/MARC21/slim" xmlns:dcterms="http://purl.org/dc/terms/" xmlns:xsi="http://www.w3.org/2001/XMLSchema-instance" xmlns:doc="http://www.lyncode.com/xoai" xsi:schemaLocation="http://www.loc.gov/MARC21/slim http://www.loc.gov/standards/marcxml/schema/MARC21slim.xsd">
   <leader>00925njm 22002777a 4500</leader>
   <datafield ind2=" " ind1=" " tag="042">
      <subfield code="a">dc</subfield>
   </datafield>
   <datafield ind2=" " ind1=" " tag="720">
      <subfield code="a">Aparicio, Enric</subfield>
      <subfield code="e">author</subfield>
   </datafield>
   <datafield ind2=" " ind1=" " tag="720">
      <subfield code="a">Alcaraz Cazorla, Carles</subfield>
      <subfield code="e">author</subfield>
   </datafield>
   <datafield ind2=" " ind1=" " tag="720">
      <subfield code="a">Rocaspana, Rafel</subfield>
      <subfield code="e">author</subfield>
   </datafield>
   <datafield ind2=" " ind1=" " tag="720">
      <subfield code="a">Pou i Rovira, Quim</subfield>
      <subfield code="e">author</subfield>
   </datafield>
   <datafield ind2=" " ind1=" " tag="720">
      <subfield code="a">García-Berthou, Emili</subfield>
      <subfield code="e">author</subfield>
   </datafield>
   <datafield ind2=" " ind1=" " tag="260">
      <subfield code="c">2023-12-29</subfield>
   </datafield>
   <datafield ind2=" " ind1=" " tag="520">
      <subfield code="a">The European Fish Index EFI+ is the only fish-based multimetric index for the assessment of the ecological status of running waters that is validated and thus applicable across most countries of the European Union. Metrics of the index rely on several attributes of the species present in the fish assemblage, irrespective of their native/alien status. The abundance of alien fish, together with other anthropogenic impacts, is one of the most important threats to the conservation of native fish and ecosystem health and is also an indicator of degraded stream conditions. Therefore, to improve the performance of the EFI+ in regions with high incidence of alien species, the EFI+ was adapted to include alien fish pressure as a new metric that reflects the number of alien species as well as the proportional abundance of alien individuals. The application of the adapted index (A-EFI+) is illustrated with data from several Iberian Mediterranean basins and showed similar or stronger correlations than the original EFI+ with anthropogenic pressure (land-use variables and alterations in hydrology and river morphology) and with other regional fish indices. EFI+ has been invaluable to intercalibrate fish indices across Europe, and A-EFI+ is similar but explicitly includes alien pressure, thus helping to provide a more comprehensive assessment of ecosystem health and to communicate it to society</subfield>
   </datafield>
   <datafield ind2=" " ind1=" " tag="520">
      <subfield code="a">Financial support was provided by the Spanish Ministry of Science, Innovation and Universities (MCIN/AEI/10.13039/501100011033) and the European Union (NextGenerationEU/PRTR) through projects PID2019-103936GB-C21, TED2021-129889B-I00 and RED2022-134338-T</subfield>
   </datafield>
   <datafield ind1="8" ind2=" " tag="024">
      <subfield code="a">http://hdl.handle.net/10256/24810</subfield>
   </datafield>
   <datafield tag="653" ind2=" " ind1=" ">
      <subfield code="a">Espècies introduïdes</subfield>
   </datafield>
   <datafield tag="653" ind2=" " ind1=" ">
      <subfield code="a">Introduced organisms</subfield>
   </datafield>
   <datafield tag="653" ind2=" " ind1=" ">
      <subfield code="a">Peixos d'aigua dolça -- Ecologia</subfield>
   </datafield>
   <datafield tag="653" ind2=" " ind1=" ">
      <subfield code="a">Freshwater fishes -- Ecology</subfield>
   </datafield>
   <datafield ind2="0" ind1="0" tag="245">
      <subfield code="a">Adaptation of the European Fish Index (EFI+) to Include the Alien Fish Pressure</subfield>
   </datafield>
</record></metadata></record></GetRecord></OAI-PMH>